000 01248nam a2200253Ia 4500
999 _c49198
_d49198
001 16109
003 GE_BSU
005 20211210142909.0
008 181216s2013ge xx |||||||||||||| ||geo||
020 _a 9789941929687
040 _cGE_BSU
041 _ageo
080 _a005(075.8) ხ-25
100 _aხარხელი, მანანა.
_95740
245 _aმენეჯმენტის საფუძვლები :
_b[სახელმძღვ] /
_cმანანა ხარხელი; გიული ქეშელაშვილი ; რედ. აკაკი თავაძე.
264 _aთბილისი :
_bსაჩინო,
_c2013.
300 _a568 გვ. :
_bნახ. ;
_c20 სმ.
504 _aბიბლიოგრ. გვ: 567-568
653 _aმენეჯმენტის საფუძვლები
653 _a მენეჯმენტი -- სახელმძღვანელოები უმაღლესი სასწავლებლებისათვის.
700 _aქეშელაშვილი, გიული
_913259
700 _aთავაძე, აკაკი
_eრედაქტორი
_913260
942 _cBK
_2udc